000
00331nam a22001457a 4500
008
210521b ||||| |||| 00| 0 eng d
020
_a
9780195143607
041
_a
eng
080
_a
159.9
082
_a
159.9
100
_a
48
101
_a
PSI
245
_a
The Link Between Religion and Health
_c
Koenig,H.C
942
_2
udc
_c
BK
999
_c
57570
_d
57570